| 000 -LEADER |
| fixed length control field |
00672nam a22002417a 4500 |
| 001 - CONTROL NUMBER |
| control field |
19200 |
| 003 - CONTROL NUMBER IDENTIFIER |
| control field |
BD-DhUAP |
| 005 - DATE AND TIME OF LATEST TRANSACTION |
| control field |
20200216135306.0 |
| 008 - FIXED-LENGTH DATA ELEMENTS--GENERAL INFORMATION |
| fixed length control field |
200216s2005 ii g 001 0 eng |
| 010 ## - LIBRARY OF CONGRESS CONTROL NUMBER |
| LC control number |
2006347615 |
| 020 ## - INTERNATIONAL STANDARD BOOK NUMBER |
| International Standard Book Number |
8171771750 |
| 040 ## - CATALOGING SOURCE |
| Original cataloging agency |
DLC |
| Transcribing agency |
DLC |
| Modifying agency |
BD-DhUAP |
| Language of cataloging |
Eng |
| 082 ## - DEWEY DECIMAL CLASSIFICATION NUMBER |
| Edition number |
23 |
| Classification number |
347.54072 MAJ |
| 100 1# - MAIN ENTRY--PERSONAL NAME |
| Personal name |
Majumder, Ajit B. |
| 245 10 - TITLE STATEMENT |
| Title |
Majumder's laws relating to notices / |
| Statement of responsibility, etc. |
Ajit B Majumder and Ajit K. Sengupta. |
| 250 ## - EDITION STATEMENT |
| Edition statement |
7th ed. |
| 260 ## - PUBLICATION, DISTRIBUTION, ETC. |
| Place of publication, distribution, etc. |
Kolkata : |
| Name of publisher, distributor, etc. |
Eastern Law House, |
| Date of publication, distribution, etc. |
2005. |
| 300 ## - PHYSICAL DESCRIPTION |
| Extent |
8, 847 p. ; |
| Dimensions |
23 cm. |
| 500 ## - GENERAL NOTE |
| General note |
Includes index. |
| 650 #0 - SUBJECT ADDED ENTRY--TOPICAL TERM |
| Topical term or geographic name entry element |
Notice (Law) |
| Geographic subdivision |
India. |
| 700 1# - ADDED ENTRY--PERSONAL NAME |
| Personal name |
Sengupta, Ajit K. |
| 942 ## - ADDED ENTRY ELEMENTS (KOHA) |
| Source of classification or shelving scheme |
|
| Koha item type |
Book |